<?xml version="1.0" encoding="UTF-8"?>
<record
    xmlns:xsi="http://www.w3.org/2001/XMLSchema-instance"
    xsi:schemaLocation="http://www.loc.gov/MARC21/slim http://www.loc.gov/standards/marcxml/schema/MARC21slim.xsd"
    xmlns="http://www.loc.gov/MARC21/slim">

  <leader>03555nam a2200325 i 4500</leader>
  <controlfield tag="003">DO-SdBNP</controlfield>
  <controlfield tag="005">20240815122624.0</controlfield>
  <controlfield tag="007">ta</controlfield>
  <controlfield tag="008">240808s2007    sp abc   e    000 0 spa d</controlfield>
  <datafield tag="020" ind1=" " ind2=" ">
    <subfield code="a">8489898502 (c. completa)</subfield>
  </datafield>
  <datafield tag="020" ind1=" " ind2=" ">
    <subfield code="a">8489898502 (actualizaci&#xF3;n 2001)</subfield>
  </datafield>
  <datafield tag="040" ind1=" " ind2=" ">
    <subfield code="a">DO-SdBNP</subfield>
    <subfield code="b">spa</subfield>
    <subfield code="c">BNPHU</subfield>
    <subfield code="e">rda</subfield>
  </datafield>
  <datafield tag="082" ind1=" " ind2="4">
    <subfield code="2">22</subfield>
    <subfield code="a">036.1</subfield>
    <subfield code="b">L332 2007</subfield>
  </datafield>
  <datafield tag="245" ind1="0" ind2="0">
    <subfield code="a">Larousse 2000 :</subfield>
    <subfield code="b">actualizaci&#xF3;n 2007 /</subfield>
    <subfield code="c">direcci&#xF3;n N&#xFA;ria Lucena Cayuela ; edici&#xF3;n Jordi Indur&#xE1;in Pons, Emili L&#xF3;pez Tossas ; redacci&#xF3;n Cristina Ruiz Vegas</subfield>
  </datafield>
  <datafield tag="264" ind1=" " ind2="1">
    <subfield code="a">Barcelona, Espa&#xF1;a :</subfield>
    <subfield code="b">Planeta,</subfield>
    <subfield code="b">Tem&#xE1;ticos Larousse,</subfield>
    <subfield code="c">&#xA9;2007.</subfield>
  </datafield>
  <datafield tag="300" ind1=" " ind2=" ">
    <subfield code="a">344 p&#xE1;ginas :</subfield>
    <subfield code="b">ilustraciones, mapas, retratos ;</subfield>
    <subfield code="c">30 cm.</subfield>
  </datafield>
  <datafield tag="336" ind1=" " ind2=" ">
    <subfield code="2">rdacontent</subfield>
    <subfield code="a">texto</subfield>
    <subfield code="b">txt</subfield>
  </datafield>
  <datafield tag="337" ind1=" " ind2=" ">
    <subfield code="2">rdamedia</subfield>
    <subfield code="a">sin mediaci&#xF3;n</subfield>
    <subfield code="b">n</subfield>
  </datafield>
  <datafield tag="338" ind1=" " ind2=" ">
    <subfield code="2">rdacarrier</subfield>
    <subfield code="a">volumen</subfield>
    <subfield code="b">nc</subfield>
  </datafield>
  <datafield tag="500" ind1=" " ind2=" ">
    <subfield code="a">Incluye &#xED;ndice onom&#xE1;stico. </subfield>
  </datafield>
  <datafield tag="505" ind1="0" ind2=" ">
    <subfield code="t">Preliminares --</subfield>
    <subfield code="t">Im&#xE1;genes del a&#xF1;o  --</subfield>
    <subfield code="t">Cronolog&#xED;a -- </subfield>
    <subfield code="g">Panorama Internacional -- </subfield>
    <subfield code="t">Resumen del a&#xF1;o.  -- </subfield>
    <subfield code="t">Michelle Bachelet, una presidenta para Chile -- </subfield>
    <subfield code="t">Evo Morales entre dos mundos --</subfield>
    <subfield code="t">Portugal: la derecha en la presidencia -- </subfield>
    <subfield code="t">La &#xFA;ltima guerra del L&#xED;bano -- </subfield>
    <subfield code="t">Italia frente a Italia -- </subfield>
    <subfield code="t">Tormenta sobre M&#xE9;xico -- </subfield>
    <subfield code="t">Brasil: Lula vuelve a ganar -- </subfield>
    <subfield code="t">El comandante Hugo ch&#xE1;vez reelegido presidente --</subfield>
    <subfield code="t">Ir&#xE1;n nuclear --</subfield>
    <subfield code="t">Montenegro, el &#xFA;ltimo eslab&#xF3;n yugoslavo --</subfield>
    <subfield code="t">Bombay, en la estela de Madrid y Londres --</subfield>
    <subfield code="t">&#xBF;El comunismo cubano tambi&#xE9;n morir&#xE1;? --</subfield>
    <subfield code="g">Espa&#xF1;a --</subfield>
    <subfield code="t">Resumen pol&#xED;tico --</subfield>
    <subfield code="t">A&#xF1;o econ&#xF3;mico en Espa&#xF1;a --</subfield>
    <subfield code="t">Nuevo estatuto y elecciones en Catalu&#xF1;a: del tripartito a la entesa --</subfield>
    <subfield code="t">Las reformas estatutarias --</subfield>
    <subfield code="t">Pa&#xED;s Vasco: la paz es el camino --</subfield>
    <subfield code="t">Seguridad y accidentes en los ferrocarriles -- </subfield>
    <subfield code="g">Econom&#xED;a --</subfield>
    <subfield code="t">Econ&#xF3;mica mundial --</subfield>
    <subfield code="t">Riesgo hipotecario --</subfield>
    <subfield code="t">El mercado, energ&#xE9;tico europeo -- </subfield>
    <subfield code="t">La escalada de los precios del petr&#xF3;leo --</subfield>
    <subfield code="g">Cultura --</subfield>
    <subfield code="t">Panorama literario --</subfield>
    <subfield code="t">Panorama musical --</subfield>
    <subfield code="t">Teatro y danza --</subfield>
    <subfield code="t">El mundo del arte --</subfield>
    <subfield code="t">El cine en el mundo --  </subfield>
    <subfield code="t">Arquitectura espa&#xF1;ola para el siglo xxi --</subfield>
    <subfield code="g">Sociedad -- </subfield>
    <subfield code="t">La L.O.E., una nueva ley de educaci&#xF3;n --</subfield>
    <subfield code="t">Un arriesgado viaje al primer mundo --</subfield>
    <subfield code="g">Ciencia y t&#xE9;cnica -- </subfield>
    <subfield code="t">La energ&#xED;a nuclear: un debate abierto --</subfield>
    <subfield code="t">Investigaci&#xF3;n espacial --</subfield>
    <subfield code="g">Medio ambiente -- </subfield>
    <subfield code="t">El oso pardo en los Pirineos -- --</subfield>
    <subfield code="t">el proyecto gran simio --</subfield>
    <subfield code="t">Biodiversidad: p&#xE9;rdidas y hallazgos --</subfield>
    <subfield code="t">Incendios forestales en Galicia --</subfield>
    <subfield code="g">Deportes -- </subfield>
    <subfield code="t">Deportes: m&#xE1;s que triunfos --</subfield>
    <subfield code="t">Juegos ol&#xED;mpicos de invierno en Tur&#xED;n --</subfield>
    <subfield code="t">Mundial de f&#xFA;tbol en Alemania --</subfield>
    <subfield code="t">El baloncesto espa&#xF1;ol conquista el mundo --</subfield>
    <subfield code="g">Personajes del a&#xF1;o -- </subfield>
    <subfield code="t">Protagonistas -- </subfield>
    <subfield code="t">Obituario -- </subfield>
    <subfield code="g">Efem&#xE9;rides -- </subfield>
    <subfield code="t">V centenario del nacimiento de la muerte de Crist&#xF3;bal Col&#xF3;n --</subfield>
    <subfield code="t">IV centenario del nacimiento de Rembrandt --</subfield>
    <subfield code="t">250 a&#xF1;os del nacimiento de Mozart --</subfield>
    <subfield code="t">Centenario de la muerte de Paul C&#xE9;zanne -- </subfield>
    <subfield code="t">70 a&#xF1;os del inicio de la guerra civil espa&#xF1;ola --</subfield>
    <subfield code="t">25 aniversario de la llegada del Guernica a Espa&#xF1;a --</subfield>
    <subfield code="t">Otras efem&#xE9;rides --</subfield>
    <subfield code="g">Premios -- </subfield>
    <subfield code="t">Arte --</subfield>
    <subfield code="t">Artes esc&#xE9;nicas --</subfield>
    <subfield code="t">Cine --</subfield>
    <subfield code="t">Literatura --</subfield>
    <subfield code="t">M&#xFA;sica --</subfield>
    <subfield code="t">Premios nacionales --</subfield>
    <subfield code="t">Premios Nobel --</subfield>
    <subfield code="t">Ondas --</subfield>
    <subfield code="t">Pr&#xED;ncipe de Asturias --</subfield>
    <subfield code="t">Museos de Bellas Artes de Espa&#xF1;a --</subfield>
    <subfield code="t">Suplemento enciclop&#xE9;dico --</subfield>
    <subfield code="t">&#xCD;ndice onom&#xE1;stico</subfield>
  </datafield>
  <datafield tag="590" ind1=" " ind2=" ">
    <subfield code="a">Inventariado, 2024/ YL</subfield>
  </datafield>
  <datafield tag="650" ind1=" " ind2="4">
    <subfield code="a">Diccionario Encicl&#xF3;pedico</subfield>
    <subfield code="9">86131</subfield>
  </datafield>
  <datafield tag="700" ind1="1" ind2=" ">
    <subfield code="a">Lucena Cayuela, N&#xFA;ria, </subfield>
    <subfield code="e">direcci&#xF3;n </subfield>
    <subfield code="9">86242</subfield>
  </datafield>
  <datafield tag="700" ind1="1" ind2=" ">
    <subfield code="a">Indur&#xE1;in Pons,  Jordi,</subfield>
    <subfield code="e">edici&#xF3;n </subfield>
    <subfield code="9">86243</subfield>
  </datafield>
  <datafield tag="700" ind1="1" ind2=" ">
    <subfield code="a">L&#xF3;pez Tossas, Emili, </subfield>
    <subfield code="e">edici&#xF3;n</subfield>
    <subfield code="9">86244</subfield>
  </datafield>
  <datafield tag="700" ind1="1" ind2=" ">
    <subfield code="a">Ruiz Vegas, Cristina</subfield>
    <subfield code="e">redacci&#xF3;n</subfield>
    <subfield code="9">86245</subfield>
  </datafield>
  <datafield tag="910" ind1=" " ind2=" ">
    <subfield code="a">YLockward. Validado control de calidad</subfield>
  </datafield>
  <datafield tag="942" ind1=" " ind2=" ">
    <subfield code="2">ddc</subfield>
    <subfield code="c">LBS1</subfield>
  </datafield>
  <datafield tag="952" ind1=" " ind2=" ">
    <subfield code="0">0</subfield>
    <subfield code="1">0</subfield>
    <subfield code="2">ddc</subfield>
    <subfield code="5">6</subfield>
    <subfield code="7">0</subfield>
    <subfield code="8">GR-R</subfield>
    <subfield code="a">BNPHU</subfield>
    <subfield code="b">BNPHU</subfield>
    <subfield code="c">HD</subfield>
    <subfield code="d">2024-08-13</subfield>
    <subfield code="e">Donaci&#xF3;n </subfield>
    <subfield code="l">0</subfield>
    <subfield code="o">BNPHU R-GR 036.1 L332 2007</subfield>
    <subfield code="p">2024-4765</subfield>
    <subfield code="r">2024-08-13</subfield>
    <subfield code="w">2024-08-13</subfield>
    <subfield code="y">LBS1</subfield>
  </datafield>
  <datafield tag="999" ind1=" " ind2=" ">
    <subfield code="c">57390</subfield>
    <subfield code="d">57390</subfield>
  </datafield>
</record>
